000 00717cam a2200241 a 4500
999 _c232563
_d232563
001 2840760
003 Nust
005 20170221090741.0
008 840309s1984 nyu 000 1 eng
010 _a 84005357
020 _a9780751535617
040 _aDLC
_cDLC
_dDLC
050 0 0 _aPR6058.O912
_bW5 1984
082 0 0 _a823.914
_bHOW
100 1 _aHowatch, Susan.
245 1 4 _aThe wheel of fortune /
_cSusan Howatch.
260 _aNew York :
_bSimon and Schuster,
_c1984.
300 _a977 p. ;
_c25 cm.
651 0 _aWales
_xFiction.
655 7 _aDomestic fiction.
_2lcsh
906 _a7
_bcbc
_corignew
_d1
_eocip
_f19
_gy-gencatlg
942 _2ddc
_cBK